Das Buch vom Tage /
المؤلف الرئيسي:
التنسيق: أطروحة كتاب
اللغة:
German
Ancient Egyptian
منشور في:
Fribourg : Göttingen :
Academic Press ; Vandenhoeck & Ruprecht,
2008.
سلاسل:
Orbis biblicus et orientalis ;
236.
OBO ;
236.
الموضوعات:
الوسوم: إضافة وسم
رقم الطلب: DS41 .O5 v.236
| LEADER | 01154namaa2200349 4500 | ||
|---|---|---|---|
| 001 | 22464 | ||
| 003 | OSt | ||
| 005 | 20250824081026.0 | ||
| 008 | 130303s2008 sz af g bm 000 0 ger d | ||
| 020 | |a 9783525534533 | ||
| 040 | |c ARCE Library | ||
| 041 | 1 | |a ger |a egy |h egy | |
| 043 | |a f-ua--- | ||
| 050 | 4 | |a DS41 .O5 v.236 | |
| 100 | 1 | |a Müller-Roth, Marcus, |e author | |
| 245 | 1 | 4 | |a Das Buch vom Tage / |c Marcus Müller-Roth. |
| 264 | 1 | |a Fribourg : |b Academic Press ; |a Göttingen : |b Vandenhoeck & Ruprecht, |c 2008. | |
| 300 | |a xi, 603 pages, 29 pages of plates : |b illustrations ; |c 24 cm. | ||
| 490 | 1 | |a Orbis biblicus et orientalis ; |v 236. | |
| 490 | 1 | |a OBO ; |v 236. | |
| 502 | |a Thesis (doctoral) - Universität, Heidelberg, 2006. | ||
| 504 | |a Includes bibliographical references. | ||
| 600 | 0 | 0 | |a Ramses |b VI, |c King of Egypt. |
| 650 | 0 | |a Religious literature, Egyptian. | |
| 650 | 0 | |a Egyptian religious literature. | |
| 651 | 0 | |a Egypt |x Antiquities. | |
| 730 | 0 | 2 | |a Book of the day. |l German and Egyptian. |
| 830 | 0 | |a Orbis biblicus et orientalis ; |v 236. | |
| 830 | 0 | |a OBO ; |v 236. | |
| 901 | |a reviewed | ||
| 942 | |c BK |2 lcc | ||
| 999 | |c 28532 |d 28532 | ||
